Samoobsluha ženské krásy /

Main Author: Hadrava, Bohumil
Other Authors: Ceplecha, Bohumil, 1926-, Luňák, Vladimír
Language: Czech
Published: Praha : Lucie, 1991
Edition: 1. vydání
Series: Lucie radí (Lucie)
Online Access: Digitalizovaný dokument
Physical Description: 31 stran : ilustrace ; 21 cm
Book
Saved in:
LEADER 01436nam a22004092i 4500
001 001528086
003 CZ BrMZK
005 20190430115941.0
007 ta
008 160525s1991 xr a er|||||||||||cze d
015 |a cnb000061319 
020 |a 80-900316-6-8  |q (brož.) 
035 |a (OCoLC)39590817 
040 |a ABA001  |b cze  |d ABA001  |d BOA001  |e rda 
080 9 |a 646/649 
080 9 |a 687.5/.9 
080 9 |a 613.99 
100 1 |a Hadrava, Bohumil  |4 aut 
245 1 0 |a Samoobsluha ženské krásy /  |c Bohumil Hadrava ; obálka a ilustrace Bohumil Ceplecha ; grafická úprava Vladimír Luňák 
250 |a 1. vydání 
264 1 |a Praha :  |b Lucie,  |c 1991 
300 |a 31 stran :  |b ilustrace ;  |c 21 cm 
336 |a text  |b txt  |2 rdacontent 
337 |a bez média  |b n  |2 rdamedia 
338 |a svazek  |b nc  |2 rdacarrier 
490 1 |a Lucie radí ;  |v sv. 6 
500 |a 50000 výtisků 
500 |a Dostupné též v digitální podobě v aplikaci Kramerius 
655 7 |a příručky  |7 fd133209  |2 czenas 
700 1 |a Ceplecha, Bohumil,  |d 1926-  |7 jk01020611  |4 ill 
700 1 |a Luňák, Vladimír  |4 ill 
830 0 |a Lucie radí (Lucie) 
856 4 1 |u http://www.digitalniknihovna.cz/mzk/uuid/uuid:0fe17c10-5eea-11e2-a086-005056827e51  |y Digitalizovaný dokument  |x NDK 
910 |a BOA001  |b X-0965.248 
990 |a BK 
991 |b 201605 
996 6 |b 2619163756  |c X-0965.248  |l MZK  |r Sklad / do 24 hodin  |n 0  |w 001563227  |u 000010  |a 1  |e BOA001  |j MZK50  |s P